Readings and cases in international human resource management / (Record no. 51909)

MARC details
000 -LEADER
fixed length control field 00667nam a2200229Ia 4500
005 - DATE AND TIME OF LATEST TRANSACTION
control field 20260429112021.0
008 - FIXED-LENGTH DATA ELEMENTS--GENERAL INFORMATION
fixed length control field 260429s9999||||xx |||||||||||||| ||und||
020 ## - INTERNATIONAL STANDARD BOOK NUMBER
International Standard Book Number 9781032161518
041 ## - LANGUAGE CODE
Language English
082 ## - DEWEY DECIMAL CLASSIFICATION NUMBER
Classification number 658.3
Item number REI
100 ## - MAIN ENTRY--PERSONAL NAME
Personal name Reiche, B. Sebastian
245 #0 - TITLE STATEMENT
Title Readings and cases in international human resource management /
Statement of responsibility, etc B. Sebastian Reiche
250 ## - EDITION STATEMENT
Edition statement 7th ed.
260 ## - PUBLICATION, DISTRIBUTION, ETC. (IMPRINT)
Place of publication, distribution, etc New York :
Name of publisher, distributor, etc Routledge,
Date of publication, distribution, etc 2024.
300 ## - PHYSICAL DESCRIPTION
Extent xxii, 552 p.; pbk
650 ## - SUBJECT ADDED ENTRY--TOPICAL TERM
Topical term or geographic name as entry element International business
650 ## - SUBJECT ADDED ENTRY--TOPICAL TERM
Topical term or geographic name as entry element Human resource management
700 ## - ADDED ENTRY--PERSONAL NAME
Personal name Mendenhall, Mark E.
700 ## - ADDED ENTRY--PERSONAL NAME
Personal name Oddou, Gary R.
700 ## - ADDED ENTRY--PERSONAL NAME
Personal name Stahl, Günter K.
942 ## - ADDED ENTRY ELEMENTS (KOHA)
Koha item type Text Books
Holdings
Withdrawn status Lost status Damaged status Not for loan Collection code Home library Location Shelving location Date of Cataloging Source of acquisition Total Checkouts Full call number Barcode Date last seen Price effective from Koha item type
        Non-fiction CUTN Central Library CUTN Central Library Medicine, Technology & Management 29/04/2026 SansRack Publishing Solutions, Chennai - Invoice No. S131/25-26 on 11-02-2026   658.3 REI 56948 29/04/2026 29/04/2026 Text Books